000 00233nam a2200097Ia 4500
008 190216s9999||||xx |||||||||||||| ||und||
100 _aAhmed Moulavi. C.;n
245 0 _aArabic-Saheehul Bhuhari
260 _bAnsari Press
942 _cREF
999 _c35234
_d35234